|
|
|
|
| LEADER |
01403nam a2200325 a 4500 |
| 001 |
41356 |
| 003 |
BD-DhAAL |
| 005 |
20230724121626.0 |
| 008 |
230724t1985 ctu b 001 0 eng |
| 010 |
|
|
|a 85012538
|
| 020 |
|
|
|a 0931816475
|
| 020 |
|
|
|a 0931816335 (pbk.)
|
| 040 |
|
|
|a DLC
|c DLC
|d DLC
|d BD-DhAAL
|
| 043 |
|
|
|a d------
|
| 050 |
0 |
0 |
|a HD1417
|b .H66 1985
|
| 082 |
0 |
0 |
|a 338.90068
|2 19
|
| 100 |
1 |
|
|a Honadle, George.
|9 55183
|
| 245 |
1 |
0 |
|a Implementation for sustainability :
|b lessons from integrated rural development /
|c by George Honadle and Jerry VanSant.
|
| 260 |
|
|
|a West Hartford, Conn. :
|b Kumarian Press,
|c 1985.
|
| 300 |
|
|
|a xiv, 128 pages ;
|c 24 cm.
|
| 504 |
|
|
|a Includes bibliographies and index.
|
| 541 |
|
|
|a Donated By Akbar Ali Khan
|e 41356
|
| 650 |
|
0 |
|a Rural development projects
|z Developing countries
|x Management.
|9 55184
|
| 650 |
|
0 |
|a Rural development projects
|z Developing countries
|x Management
|x Case studies.
|9 55185
|
| 650 |
|
0 |
|a Sustainable development
|z Developing countries.
|
| 700 |
1 |
|
|a VanSant, Jerry.
|9 55186
|
| 852 |
|
|
|a Ayesha Abed Library
|c Akbar Ali Khan Collection
|
| 942 |
|
|
|2 ddc
|c BK
|
| 999 |
|
|
|c 46019
|d 46019
|
| 952 |
|
|
|0 0
|1 0
|2 ddc
|4 0
|6 338_900680000000000_HON
|7 1
|9 74117
|a BRACUL
|b BRACUL
|c AAKC
|d 2023-07-24
|e Donated by Akbar Ali Khan
|g 4240.19
|l 0
|o 338.90068 HON
|p 3010041356
|r 2023-07-24
|t 1
|w 2023-07-24
|y BK
|x price are not available in book (collected from amazon.com )
|